El niño y los demás

Spremljeno u:
Bibliografski detalji
Glavni autori: Darder Vidal, Pere (Autor), Canals, Ramón (Autor)
Format: Knjiga
Jezik:španjolski
Izdano: Barcelona Nova Terra 1970
Serija:Colección Navidad, 31
Teme:
Oznake: Dodaj oznaku
Bez oznaka, Budi prvi tko označuje ovaj zapis!

MARC

LEADER 00000nam a2200000 a 4500
001 UCL4614
003 CL-VaPUC
008 040123e19700000SP |||||||||||||||||spa|d
082 0 4 |a 155.418  |b DAR  |2 21 
100 0 |a Darder Vidal, Pere  |e author  |9 482228 
700 0 |a Canals, Ramón  |e author  |9 482229 
245 1 3 |a El niño y los demás 
300 |a 188 p 
942 |c BK 
945 |d 20040123 00:00:00  |a cmena 
260 |a Barcelona  |b Nova Terra  |c 1970 
650 0 |a Psicología del niño  |9 307305 
650 0 |a Desarrollo individual   |9 307875 
650 0 |a Psicología social   |9 222894 
650 0 |a Relaciones interpersonales  |9 307056 
650 0 |a Socialización  |9 309940 
583 |a last modification  |c 20040123 00:00:00  |k Rodrigo Vera 
490 0 |a Colección Navidad, 31 
999 |c 307433  |d 307431 
952 |0 0  |1 0  |4 0  |6 155_418000000000000_DAR_1970  |7 0  |8 A  |9 373395  |a BIBEDU  |b BIBEDU  |d 2019-11-21  |i 3923401  |l 1  |o 155.418 DAR 1970  |p 3923401  |r 2023-10-20  |s 2023-10-20  |w 2019-11-21  |y BK  |k FIL